| 000 | 00501nam a22001697a 4500 | ||
|---|---|---|---|
| 999 |
_c8315 _d8315 |
||
| 008 | 201112b ||||| |||| 00| 0 eng d | ||
| 040 | _aBMS College of Architecture | ||
| 100 | _aBhumika, B R | ||
| 245 | _aOrganized Chaos | ||
| 300 | _aNA | ||
| 500 | _a1BM15AT017 | ||
| 502 |
_8Project report _NBMS College of Architecture, Visvesvaraya Technological University (VTU) _aB,Arch _d2019 |
||
| 650 | _aOrganized | ||
| 700 |
_aBhagyalaxmi M _eGuide |
||
| 700 |
_aNisha Poulose _eGuide |
||
| 942 |
_2ddc _cTHE |
||